[Event "Hannibal Online op U12"]
[Site "Chess.com INT"]
[Date "2020.06.08"]
[Round "8"]
[White "Vranceanu, Sofia Maria"]
[Black "Stan, Oana Bianca"]
[Result "1-0"]
[WhiteElo "1282"]
[BlackElo "1172"]
[PlyCount "71"]
[EventDate "2020.06.01"]
[EventType "swiss"]
[EventRounds "9"]
[EventCountry "MDA"]
[SourceTitle "CBM 196 Extra"]
[Source "ChessBase"]
[SourceDate "2020.07.31"]
[SourceVersion "1"]
[SourceVersionDate "2020.07.31"]
[SourceQuality "1"]

1. e4 e5 2. Nf3 Nc6 3. Nc3 Nf6 4. d4 exd4 5. Nxd4 Nxd4 6. Qxd4 d6 7. Bf4 Qe7 8. 0-0-0 Bd7 9. Bg5 Rg8 10. Nd5 c5 11. Nxe7 cxd4 12. Nxg8 Nxg8 13. Rxd4 Bc6 14. Bc4 h6 15. Bh4 g5 16. Bg3 Rd8 17. Rhd1 b5 18. Bb3 a5 19. a3 a4 20. Ba2 Rd7 21. Bd5 Bxd5 22. Rxd5 Nf6 23. Rxb5 Nxe4 24. Re1 Re7 25. Rb8+ Kd7 26. Rb7+ Kd8 27. Rxe7 Bxe7 28. Rxe4 Kd7 29. Rxa4 Kc6 30. Ra7 Bf6 31. Rxf7 Bd8 32. a4 Bb6 33. b4 Bd4 34. Kd2 Bb6 35. Rf6 Bc7 36. Rxh6 1-0

[Event "Hannibal Online op U12"]
[Site "Chess.com INT"]
[Date "2020.06.06"]
[Round "6"]
[White "Horvath Szombathy, Vilmos"]
[Black "Stan, Oana Bianca"]
[Result "1-0"]
[WhiteElo "1296"]
[BlackElo "1172"]
[PlyCount "123"]
[EventDate "2020.06.01"]
[EventType "swiss"]
[EventRounds "9"]
[EventCountry "MDA"]
[SourceTitle "CBM 196 Extra"]
[Source "ChessBase"]
[SourceDate "2020.07.31"]
[SourceVersion "1"]
[SourceVersionDate "2020.07.31"]
[SourceQuality "1"]

1. e4 e5 2. Nf3 Nc6 3. d4 exd4 4. Bc4 h6 5. 0-0 Bc5 6. c3 d3 7. Qxd3 Qe7 8. Be3 Bxe3 9. fxe3 d6 10. Nd4 Nf6 11. Nd2 Bd7 12. N2f3 Qxe4 13. Qxe4+ Nxe4 14. Bxf7+ Kxf7 15. Ng5+ Ke8 16. Nxe4 Rf8 17. Nb5 Rxf1+ 18. Rxf1 Kd8 19. Rf8+ Be8 20. Ng3 Ne7 21. Rxe8+ Kxe8 22. Nxc7+ Kd8 23. Nxa8 Kc8 24. Kf2 Kb8 25. e4 Kxa8 26. Nf5 Nxf5 27. exf5 Kb8 28. g4 Kc7 29. h4 Kd7 30. Ke3 Ke7 31. Ke4 Kf6 32. Kf4 a6 33. a4 b6 34. b4 d5 35. h5 b5 36. a5 Kf7 37. g5 hxg5+ 38. Kxg5 Kf8 39. Kg6 Kg8 40. h6 gxh6 41. Kxh6 Kf7 42. Kg5 Kg7 43. f6+ Kf7 44. Kf5 Kf8 45. Ke6 Ke8 46. f7+ Kf8 47. Kxd5 Kxf7 48. Kc6 Ke7 49. Kb6 Kd7 50. Kxa6 Kc7 51. Kxb5 Kb7 52. c4 Kb8 53. Kc6 Kc8 54. c5 Kb8 55. Kd7 Kb7 56. c6+ Kb8 57. c7+ Kb7 58. c8Q+ Ka7 59. Qc5+ Kb8 60. a6 Ka8 61. Qc8+ Ka7 62. Qb7# 1-0

[Event "ROM-ch U10 Girls"]
[Site "Calimanesti"]
[Date "2018.04.01"]
[Round "7"]
[White "Vranceanu, Sofia Maria"]
[Black "Stan, Oana Bianca"]
[Result "0-1"]
[WhiteElo "1213"]
[BlackElo "1237"]
[PlyCount "106"]
[EventDate "2018.03.27"]
[EventType "swiss"]
[EventRounds "9"]
[EventCountry "ROU"]
[SourceTitle "CBM 183 Extra"]
[Source "ChessBase"]
[SourceDate "2018.04.19"]
[SourceVersion "1"]
[SourceVersionDate "2018.04.19"]
[SourceQuality "1"]

1. e4 e5 2. Nf3 Nc6 3. Nc3 Bc5 4. Nxe5 Nxe5 5. d4 Nc6 6. dxc5 Nf6 7. Bg5 0-0 8. Nd5 Re8 9. Bd3 Re6 10. 0-0 Ne7 11. Nxf6+ gxf6 12. Bf4 c6 13. Re1 Ng6 14. Qg4 Kh8 15. Bc4 d5 16. Bd3 Rxe4 17. Qg3 Rxf4 18. Bxg6 Rg4 19. Qd6 Qxd6 20. cxd6 Rxg6 21. Re8+ Rg8 22. Rxg8+ Kxg8 23. c4 Be6 24. c5 Rd8 25. Kf1 b6 26. b4 Rb8 27. Rc1 bxc5 28. bxc5 Rb2 29. Re1 Kf8 30. Rc1 Rxa2 31. Rb1 Ke8 32. Rb8+ Kd7 33. Rb7+ Kd8 34. Rb8+ Bc8 35. Ke1 Rc2 36. Ra8 Rxc5 37. Rxa7 d4 38. Rxf7 Bf5 39. Rxf6 Kd7 40. Ke2 d3+ 41. Kd2 Rd5 42. f3 Bg6 43. Kd1 d2 44. h3 Bc2+ 45. Kxc2 d1Q+ 46. Kc3 Qd4+ 47. Kb3 Qxf6 48. Kc2 Qa1 49. Kb3 Rc5 50. Kb4 Kxd6 51. Kb3 Qb1+ 52. Ka4 Qb6 53. Ka3 Ra5# 0-1

[Event "ROM-ch U10 Girls"]
[Site "Calimanesti"]
[Date "2018.03.29"]
[Round "3"]
[White "Pomirleanu, Ana Maria"]
[Black "Stan, Oana Bianca"]
[Result "1/2-1/2"]
[WhiteElo "1106"]
[BlackElo "1237"]
[PlyCount "48"]
[EventDate "2018.03.27"]
[EventType "swiss"]
[EventRounds "9"]
[EventCountry "ROU"]
[SourceTitle "CBM 183 Extra"]
[Source "ChessBase"]
[SourceDate "2018.04.19"]
[SourceVersion "1"]
[SourceVersionDate "2018.04.19"]
[SourceQuality "1"]

1. e4 e5 2. Nf3 Nc6 3. Nc3 Nf6 4. Bc4 Bc5 5. d3 h6 6. Bd2 d6 7. h3 Be6 8. Bxe6 fxe6 9. Na4 Bb6 10. Nxb6 axb6 11. 0-0 d5 12. exd5 exd5 13. Re1 e4 14. dxe4 dxe4 15. Qe2 Nd4 16. Nxd4 Qxd4 17. c3 Qd5 18. a3 Rd8 19. Rad1 Qb3 20. Bf4 Rxd1 21. Rxd1 Qf7 22. Qd2 0-0 23. Qc1 Nh5 24. Be3 Nf6 1/2-1/2

[Event "ROM-ch U10 Girls"]
[Site "Calimanesti"]
[Date "2018.03.28"]
[Round "2"]
[White "Darie, Cleopatra Iuliana"]
[Black "Stan, Oana Bianca"]
[Result "0-1"]
[WhiteElo "1145"]
[BlackElo "1237"]
[PlyCount "119"]
[EventDate "2018.03.27"]
[EventType "swiss"]
[EventRounds "9"]
[EventCountry "ROU"]
[SourceTitle "CBM 183 Extra"]
[Source "ChessBase"]
[SourceDate "2018.04.19"]
[SourceVersion "1"]
[SourceVersionDate "2018.04.19"]
[SourceQuality "1"]

1. e4 e5 2. Nf3 Nc6 3. Bc4 Bc5 4. c3 Nf6 5. d3 Bb6 6. 0-0 d6 7. Bb3 h6 8. h3 0-0 9. Nbd2 Be6 10. Bc2 Qd7 11. Re1 Rfe8 12. Nf1 d5 13. Ng3 d4 14. Nh2 Ba5 15. Bd2 Qd6 16. Nh5 Qe7 17. Nxf6+ Qxf6 18. Ng4 Qg6 19. b4 Bxg4 20. hxg4 dxc3 21. bxa5 cxd2 22. Qxd2 Qxg4 23. Ba4 Nd4 24. Re3 c6 25. Rg3 Ne2+ 26. Kf1 Nxg3+ 27. fxg3 Qxg3 28. Rb1 Rab8 29. Bb3 Qh2 30. Re1 Qh1+ 31. Kf2 Qh4+ 32. Kg1 Qf4 33. Qe2 Rf8 34. Rf1 Qh4 35. Qf3 Qe7 36. Qg4 Rbd8 37. Rf3 Qg5 38. Qh3 Rd6 39. Rf5 Qe7 40. Qg3 b6 41. Rxe5 Qf6 42. Rf5 Qd4+ 43. Kh2 Qxd3 44. Qf4 Rf6 45. Rxf6 gxf6 46. Qxf6 Qxe4 47. Qxh6 Qh7 48. Qxh7+ Kxh7 49. Kg3 bxa5 50. Kf4 Re8 51. Kf3 c5 52. Bxf7 Rf8 53. Ke4 Rxf7 54. Kd5 Rf2 55. a4 Ra2 56. Kxc5 Rxa4 57. Kb5 Rg4 58. Kxa5 Rxg2 59. Ka6 Ra2+ 60. Kb5 0-1